000 00599nam a22001937a 4500
003 BD-DhJNU
005 20250202061342.0
008 250202b |||||||| |||| 00| 0 eng d
020 _a9789845060370
040 _aBD-DhJNU
_bENG
_cBD-DhJNU
_dBD-DhJNU
082 _223
_a320.95492 AHB
100 _aAhmed, Moudud
245 _aBangladesh :
_ba study of the democratic regimes/
_cMoudud Ahmed
260 _aDhaka :
_bThe University Press,
_c2017.
300 _a491p. :
_bill. ;
_c23 cm.
650 _a Democracy Bangladesh
650 _aBangladesh Politics and government 1971
942 _2ddc
_cBK
_n0
999 _c1218
_d1218